| 000 | 01553nam a2200277Ia 4500 | ||
|---|---|---|---|
| 003 | PE SENCICO BE | ||
| 005 | 20251020182428.0 | ||
| 008 | 200515s9999 xx 000 0 und d | ||
| 040 |
_aPE SENCICO BE _cPE SENCICO BE |
||
| 041 | _aspa | ||
| 082 |
_a302 _bW62 |
||
| 100 | 1 |
_aWhittaker, James O. _92345 _eautor |
|
| 245 | 1 | 0 |
_aLa psicología social en el mundo de hoy / _cJames O. Whittaker |
| 250 | _a1a ed. | ||
| 260 |
_aMéxico, D.F. . _bTrillas ; _c1979 |
||
| 300 |
_a514 p. : _bil., tbl., graf. ; _c24 cm. |
||
| 490 | _aBiblioteca Técnica de Psicología | ||
| 505 | 0 | _aNaturaleza de la psicología social -- La organización y la estructura de grupos -- Dinámica de grupos -- Liderazgo y poder en los grupos sociales -- Lenguaje y comunicación -- Socialización: el proceso de convertirse en ser humano -- Los factores sociales de la motivación y la emoción -- Actitudes -- Cambio de actitud -- Cultura y personalidad -- El prejuicio -- Conducta colectiva -- Relaciones intergrupo -- Psicología social de la pobreza -- Revolución, violencia y movimientos sociales. | |
| 520 | 3 | _aOfrece una gama de enfoques teóricos de la psicología social, incluyendo perspectivas provenientes de países con los mas diversos sistemas sociopolíticos, como Estados Unidos, Checoslovaquia, Nueva Zelandia, Colombia, Brasil y otros. | |
| 650 | 1 | 0 |
_aPsicología social _92299 |
| 650 | 2 | 0 |
_aDinámica de grupos _92346 |
| 650 | 2 | 0 |
_aLiderazgo _9931 |
| 650 | 2 | 0 |
_aActitud (Psicología) _92341 |
| 650 | 2 | 0 |
_aConducta humana _92300 |
| 942 |
_cLIB _2ddc |
||
| 999 |
_c152 _d152 |
||